Continuing education in the year 2000 /

Bibliographic Details
Other Authors: Brockett, Ralph Grover
Format: Book
Language:English
Published: San Francisco : Jossey-Bass, 1987.
Series:Jossey-Bass higher education series.
New directions for adult and continuing education ; no. 36.
Subjects:

MARC

Tag First Indicator Second Indicator Subfields
LEADER 00000cam a2200000 a 4500
001 in00000006966
005 20151004070021.0
008 880108s1987 cau b 00100 eng d
010 |a  85644750  
020 |a 1555429505 (pbk.) 
035 |a (OCoLC)17317605 
035 |9 AAA1427AM 
040 |a TXA  |c TXA  |d TOL  |d TXA  |d UtOrBLW 
049 |a TXAM  |c [A12543388] 
050 4 |a LC5215  |b .C66 1987 
245 0 0 |a Continuing education in the year 2000 /  |c Ralph G. Brockett, editor. 
264 1 |a San Francisco :  |b Jossey-Bass,  |c 1987. 
300 |a 102 pages ;  |c 23 cm. 
336 |a text  |b txt  |2 rdacontent 
337 |a unmediated  |b n  |2 rdamedia 
338 |a volume  |b nc  |2 rdacarrier 
490 1 |a Jossey-Bass higher education series 
490 1 |a New directions for continuing education,  |x 0195-2242 ;  |v no. 36 
504 |a Includes bibliographical references and index. 
650 0 |a Continuing education. 
700 1 |a Brockett, Ralph Grover. 
830 0 |a Jossey-Bass higher education series. 
830 0 |a New directions for adult and continuing education ;  |v no. 36. 
999 |a MARS 
999 f f |s ff53d4b0-cd00-36a2-a51e-c476a48cd223  |i ebd9070b-09c8-3bda-974e-e3f9f04d2b68  |t 0 
952 f f |p normal  |a Texas A&M University  |b College Station  |c Sterling C. Evans Library  |d Evans: Library Stacks  |t 0  |e LC5215 .C66 1987  |h Library of Congress classification  |i unmediated -- volume  |m A14812543388 
998 f f |a LC5215 .C66 1987  |t 0  |l Evans: Library Stacks